Statistiques concernant Les noms des sièges

Cliquez ici pour prendre le quiz!

Statistiques générales

  • Ce quiz a été pris 33 fois
  • Le résultat moyen est 11 sur 45

Statistiques - réponses

DéfinitionInitialeRéponse% Correct
Long siège non rembourré, avec ou sans dossier permettant à plusieurs personnes de s’asseoir côte à côteBBanc
88%
Siège avec un dossier sans accotoirsCChaise
81%
Siège long à dossier et accotoirs.CCanapé
78%
Petit siège soutenu par quatre pieds droitsTTabouret
78%
Siège réservé au souverainTTrône
75%
Siège utilisé par les très jeunes enfants sur pieds hautsCHChaise haute
63%
Siège muni de roues utilisés par les handicapésFRFauteuil roulant
63%
Fauteuil utilisé sur les paquebotsTTransat
50%
Siège souple en forme de fruitPPoire
47%
Lit de repos rembourréSSofa
44%
Long siège rembourré permettant à plusieurs personnes de s’asseoir côte à côteBBanquette
41%
Petit siège bas et rondPPouf
41%
Lit de repos garni de coussinsDDivan
38%
Siège mobile qu'on replieSStrapontin
38%
Cabine munie de brancards et portée à bras d'hommesCPChaise à porteur
31%
Canapé aux côtés de haute inégaleMMéridienne
31%
Siège percé d’un trou circulaire sous lequel est placé un seau hygiéniqueCPChaise percée
28%
Siège bas destiné au cultePDPrie-Dieu
28%
Large fauteuil d'assise basseBBergère
19%
Grand siège au haut dossier, aux accoudoirs rembourrésVVoltaire
19%
Siège d’apparat est réservé au seigneur du Moyen-Age.CChaire
13%
Petit fauteuil très bas entièrement rembourré à dossier gondole et aux pieds généralement cachés par un volant de tissuCCrapaud
13%
Chaise basse à haut dossier.CChauffeuse
9%
Fauteuil à bois apparent, à dossier bas, large et profond.MMarquise
9%
Siège de salon à deux places dont le plan est en forme de S.CConfident
6%
Grand siège à dossier concave dont le retour dessine deux demi-cercles à l’aplomb des pieds antérieursOOttomane
6%
Fauteuil avec des patins arqués qui permet de se balancer d'avant en arrière.BBerceuse
3%
Siège au dossier cintré destiné à mieux épouser la forme du dosCCabriolet
3%
Lit de repos ou chaise longue à dossier à bois apparentDDuchesse
3%
Petit siège carré sans accotoirs ni dossier. (toujours au pluriel)EEscabeaux
3%
Petit siège carré sans accotoirs ni dossier mais hautEEscabelle
3%
Long siège non rembourré aux montants d'extrémité hautsBBancelle
0%
Siège dont l'assise tourne autour d'un axe centralBBorne
0%
Siège en forme de divan capitonné séparé par un seul dossierBBoudeuse
0%
Siège long à dossier et accotoirs qui se termine par deux sièges en forme d'encoignureCCCanapé à Confidents
0%
Premier spécimen de la chaise à brasCCaquetoire
0%
Bidet en forme de siège.CCChaise de commodité
0%
Chaise au dossier creux très arrondi se fondant avec les accotoirs ou la ceintureCGChaise gondole
0%
Siège romain ancien en forme de XCCurule
0%
Chaise longue à dossier cintré composé de deux partiesDBDuchesse brisée
0%
Fauteuil de bureau à quatre pieds. L'un des pieds est fixé au milieu de la traverse de faceFCFauteuil de cabinet
0%
Siège à la forme en hélice à trois pales permet à trois personnes de prendre placeIIndiscret
0%
Petit tabouret pliantPPloyant
0%
SIège bas à trois piedsSSelle
0%
Siège doté d’un dossier garni d’une manchette sur laquelle s’accoudaient les spectateurs d’une partie de cartes,VVoyeuse
0%

Distribution des résultats

Percentile par nombre de réponses

% des personnes avec chaque résultat

Votre développement - résultats

Vous n’avez pas pris ce quiz